Física (Registro nro. 64421)

Detalles MARC
000 -ENCABEZADO
Número de control [NR] 01309nam a2200337Ia 4500
005 - FECHA Y HORA DE LA ÚLTIMA TRANSACCIÓN
control field 20211105120611.0
008 - DE LONGITUD FIJA DE DATOS DE ELEMENTOS - INFORMACIÓN GENERAL
Elementos de longitud fija [NR] 130821s2010 at ad fr 1 spa d
020 ## - NUMERO INTERNACIONAL NORMALIZADO PARA LIBROS [R]
Número Internacional Normalizado del libro [NR] 9789706868374 Volumen 1 (7a edición)
020 ## - NUMERO INTERNACIONAL NORMALIZADO PARA LIBROS [R]
Número Internacional Normalizado del libro [NR] 9789706868220 Volumen 2 (7a edición)
020 ## - NUMERO INTERNACIONAL NORMALIZADO PARA LIBROS [R]
Número Internacional Normalizado del libro [NR] 9789706864253 (6a.Ed.)
020 ## - NUMERO INTERNACIONAL NORMALIZADO PARA LIBROS [R]
Número Internacional Normalizado del libro [NR] 9789701035818 (5a.Ed.)
040 ## - FUENTE DE CATALOGACION [NR]
Agencia de catalogación original [NR] CO-BoUCM
Idioma de catalogación [NR] spa
Quien Cataloga Saul Niño (Modificó)
Quien Clasifica [Nuevo]
041 1# - CODIGO DE IDIOMA [R]
Código de idioma para texto/pista de sonido o título separado [R] Español
100 1# - ASIENTO PRINCIPAL--NOMBRE PERSONAL [NR]
Nombre personal [NR] Serway, Raymond A.
ID Autoridad 53357
245 10 - MENCION DE TITULO [NR]
Título [NR] Física
Parte restante del título [NR] para ciencias e ingeniería
Mención de responsabilidad, etc. [NR] Raymond A. Serway, John W. Jewett ; traducción: Víctor campos Olguín
246 13 - FORMA VARIANTE DEL TITULO [R]
Título propiamente dicho/forma breve del título [NR] Física para ciencias e ingenierías
250 ## - MENCION DE EDICION [NR]
Mención de edición [NR] 7a ed
260 ## - PUBLICACION, DISTRIBUCION, ETC. (PIE DE IMPRENTA) [R]
Lugar de publicación, distribución, etc. [R] Sídney (Australia)
Nombre del editor, distribuidor, etc. [R] Cengage Learning
Fecha de publicación, distribución, etc. [R] 2010
300 ## - DESCRIPCION FISICA [R]
Extensión [R] 2 volúmenes
Otros detalles físicos [NR] ilustraciones, gráficas
500 ## - NOTA GENERAL [R]
Nota general [NR] Incluye índices
505 ## - NOTA DE CONTENIDO CON FORMATO PREESTABLECIDO [R]
Información miscelánea [R] V.1
State manifest and birth record (1764-1977). Física para ciencias e ingeniería
505 ## - NOTA DE CONTENIDO CON FORMATO PREESTABLECIDO [R]
Mención de responsabilidad [R] Incluye índices
Información miscelánea [R] V.2
State manifest and birth record (1764-1977). Física para ciencias e ingeniería con física moderna
650 #7 - ASIENTO SECUNDARIO DE MATERIA - TERMINO TEMATICO [R]
Término temático o nombre geográfico como elemento de entrada [NR] Física
9 (RLIN) 15907
650 07 - ASIENTO SECUNDARIO DE MATERIA - TERMINO TEMATICO [R]
Término temático o nombre geográfico como elemento de entrada [NR] Física
Subdivisión general [R] Enseñanza
9 (RLIN) 41286
690 ## - ASUNTO AGREGADO LOCAL DE ENTRADA - TÉRMINO TEMÁTICO (OCLC, RLIN)
Acceso temático local Ingeniería
9 (RLIN) 17607
700 1# - ASIENTO SECUNDARIO - NOMBRE PERSONAL [R]
Nombre personal [NR] Jewett, John W.
9 (RLIN) 67968
700 1# - ASIENTO SECUNDARIO - NOMBRE PERSONAL [R]
Nombre personal [NR] Campos Olguín, Víctor
Término de relación [R] traductor
9 (RLIN) 28873
765 1# - ASIENTO DE IDIOMA ORIGINAL [R]
Título [NR] Physics for scientists and engineers
942 ## - ELEMENTOS DE ENTRADA AGREGADOS (KOHA)
Tipo de ítem principal el descrito en 300a Libro
Tema principal Ciencias puras
Clasificación 530
Parte restante de la signatura top. S492fi
Edición 7
Sistema de clasificación DEWEY
Título oculto en OPAC No
Existencias
Fecha de último préstamo Total préstamos Total Renewals Signatura topográfica Código de barras Última vez visto Volúmen / Fascículo Ejemplar Price effective from Tipo de ítem Perdido Sistema de clasificación Dañado No prestable Tipo de ítem específico Suprimido Ubicación habitual Ubicación actual Localización Fecha de creación Forma de adquisición Costo Costo de reposición Proveedor
06/11/2024 34 1 530 S492fi 100093392 04/12/2025 6a.Ed. V.2 Ej.1 03/02/2013 Libro   DEWEY     Libro   Claustro Claustro 4to piso 28/02/2013 Compra 96000.00    
04/03/2025 29 3 530 S492fi 100093391 04/12/2025 7a.Ed. V.1 Ej.1 03/02/2013 Libro   DEWEY     Libro   Claustro Claustro 4to piso 28/02/2013 Compra 103000.00    
27/01/2016 3 3 530 S492fi 100116938 04/12/2025 5a.Ed. V.1 Ej.1 03/02/2013 Libro   DEWEY     Libro   Claustro Claustro 4to piso 30/09/2011 Donación 26000.00    
25/08/2023 29 21 530 S492fi 200029222 11/12/2025 7a.Ed. V.1 Ej.3 22/04/2016 Libro   DEWEY     Libro   Quinta de Mutis Quinta de Mutis Mezanecs 22/04/2016 Compra 208423.00 208423.00 37
03/09/2018 1   530 S492fi 200029221 11/12/2025 7a.Ed. V.1 Ej.2 22/04/2016 Libro de reserva   DEWEY     Libro de reserva   Quinta de Mutis Quinta de Mutis Mezanecs 22/04/2016 Compra 208423.00 208423.00 37
06/11/2024 2   530 S492fi 200029268 24/03/2026 7a.Ed. V.2 Ej.1 18/05/2016 Libro de reserva   DEWEY     Libro de reserva   Quinta de Mutis Quinta de Mutis Mezanecs 18/05/2016 Compra 249165.00 249165.00 19